000 00816nas a2200265 4500
001 BR9202551
003 BR-BrBNA
005 20231205092519.0
007 ta
008 230509b bl.|||p| |||| 00| 00por d
040 _aBR-BrBNA
_bpor
_cBiblioteca Nacional de Agricultura
041 _a(Pt)
072 _aL72
100 1 _aNascimento, A.M.L.C.
100 1 _aNascimento, S.J. do
100 1 _aBurichel, A.E.
245 1 _aPresenca de Spirocerca lupi (Rudolph, 1809), no cao domestico (Canis familiares), em Pernambuco
650 _aCAO
650 _aPARASITOLOGIA
650 _aPARASITO DE ANIMAL
650 _aPERNAMBUCO
773 0 _tCaderno Omega. Serie Veterinaria (Brazil)
_xISSN 0102-5880
_g(1984), v. 1(1) p. 25-33
_wBR9202551
909 _a202311
_bLúcia
_c55
_dLúcia Elande
942 _2AGRIS
_n0
_cANA
999 _c132254
_d132254